000 00636nam a22002297a 4500
999 _c983
_d983
001 983
003 BD-JhCC
005 20200403134008.0
008 171012s2012 bg |||| ||a| 00| 0 ben d
020 _a9789845020510
035 _a(BD-JhCC)983
040 _aBD-JhCC
_dBD-JhCC
041 _aben
082 _223
_a891.443
_bJAH 2012
100 _aজাহান, নাসরীন
245 _aকবচকুন্ডল /
_cনাসরীন জাহান
260 _aঢাকা :
_bঅন্য প্রকাশ,
_c2012
300 _a136 p. :
_c21 cm.
650 _aBengali Novel
942 _2ddc
_cBK
_02